Cómo formar equipos de trabajo (Record no. 139083)

MARC details
000 -LEADER
fixed length control field nam a22 7a 4500
005 - DATE AND TIME OF LATEST TRANSACTION
control field 20180312102839.0
008 - FIXED-LENGTH DATA ELEMENTS--GENERAL INFORMATION
fixed length control field 180312b mx||||| |||| 00| 0 spa d
020 ## - INTERNATIONAL STANDARD BOOK NUMBER
International Standard Book Number 9706250557
050 04 - LIBRARY OF CONGRESS CALL NUMBER
Classification number HD66
Item number M33 1994
100 1# - MAIN ENTRY--PERSONAL NAME
Personal name Maddux, Robert B.
240 1# - UNIFORM TITLE
Uniform title Team building: An excercise in leadership.
Language of a work Español
245 10 - TITLE STATEMENT
Title Cómo formar equipos de trabajo
Remainder of title : el liderazgo en acción
Statement of responsibility, etc / Robert B. Maddux.
250 ## - EDITION STATEMENT
Edition statement 1a ed.
260 ## - PUBLICATION, DISTRIBUTION, ETC. (IMPRINT)
Place of publication, distribution, etc México :
Name of publisher, distributor, etc Grupo Editorial Iberoamérica,
Date of publication, distribution, etc c1994
300 ## - PHYSICAL DESCRIPTION
Extent iii, 77 p. :
Other physical details il.,
Dimensions 26 cm.
650 #7 - SUBJECT ADDED ENTRY--TOPICAL TERM
Source of heading or term lemb
Topical term or geographic name as entry element Liderazgo
650 #7 - SUBJECT ADDED ENTRY--TOPICAL TERM
Source of heading or term lemb
Topical term or geographic name as entry element Comportamiento organizacional
942 ## - ADDED ENTRY ELEMENTS (KOHA)
Source of classification or shelving scheme Biblioteca del Cogreso de los Estados Unidos
Koha item type Libro
Holdings
Estado de pérdida Fuente de clasificación Estado del daño No para préstamo Ubicación permanente Ubicación actual Apartado o colección Fecha de adquisición Fuente de adquisición Edición Área del conocimiento Clasificación Código de Barras Date last seen Número de copia Tipo de recurso Dependencia de educación superior (DES) Costo por reposición
  Biblioteca del Cogreso de los Estados Unidos     Biblioteca de la Facultad de Ingeniería Eléctrica Biblioteca de la Facultad de Ingeniería Eléctrica General 12/03/2018 Unidad Académica 1a ed. Ciencias Sociales y Administrativas HD66 M33 1994 BIE000000242 12/03/2018 C:1 Libro    
  Biblioteca del Cogreso de los Estados Unidos   Consulta Biblioteca de la Facultad de Ingeniería en Tecnología de la Madera Biblioteca de la Facultad de Ingeniería en Tecnología de la Madera General 25/06/2018   1a ed. Ciencias Sociales y Administrativas HD66 M33 1994 BTM000000182 25/06/2018 1 Libro Ingeniería y Arquitectura 1.00